Former Flags of African Countries/Territories (Union Jack) - Statistics

General Stats
  • This quiz has been taken 60 times
    59 since last reset
  • The average score is 16 of 24
Answer Stats
Picture Answer % Correct
British East Africa (Kenya)
96%
Union of South Africa
96%
Northern Rhodesia (Zambia)
92%
Southern Rhodesia (Zimbabwe)
92%
Niger Coast Protectorate (Oil Rivers)
88%
Basutoland (Lesotho)
83%
Nyasaland (Malawi)
83%
Colonial of Nigeria
79%
Crown Colony of Seychelles
79%
Gambia Colony and Protectorate
79%
Sierra Leone Colony and Protectorate
79%
British Cameroon
75%
British Mauritius
75%
Gold Coast (Ghana)
75%
Ugandan Protectorate
75%
British Somaliland
67%
Tanganyika Territory
50%
British West Africa
42%
British Cape Colony
38%
Natal Colony
38%
British Central Africa Protectorate
21%
Lagos Colony
21%
Orange River Colony
21%
Transvaal Colony
21%
No matching quizzes found
Score Distribution
Percent of People with Each Score
Percentile by Number Answered
Your Score History
You have not taken this quiz since the last reset